000 01004nam a2200229Ia 4500
001 546
003 GE_BSU
008 181216s||||||||xx |||||||||||||| ||und||
020 _a9994011170
040 _cGE_BSU
080 _a821.353.1(038)
245 _aსიმფონია- ლექსიკონი ძველი ქართული აგიოგრაფიული ლიტერატურის ძეგლების I ა-ლ.
245 _cრედ.გოგუაძე ნარგიზა, სარჯველაძე ზურაბ,შანიძე მზექალა.
250 _aI ნაკვ.
260 _aთბილისი
260 _bარტანუჯი
260 _c2005
300 _a465 გვ.
541 _h40 ლ.
653 _aსიმფონია- ლექსიკონი ძველი ქართული აგიოგრაფიული ლიტერატურის ძეგლები
942 _cBK
999 _c34748
_d34748